Sports Quiz

Random Sports Quiz

Announcers who wrestled Quiz Stats

 Plays Quiz not verified by Sporcle

Score 0/16 Timer 20:00
0 Plays Today
Hint Answer % Correct
Jerry Lawler
85%
Vince McMahon
60%
Gorilla Monsoon
60%
Tazz
58.9%
Jim Ross
58.3%
Michael Cole
58.3%
Jesse the body Ventura
57.4%
Booker T
50.5%
Hint Answer % Correct
Johnathan Coachman
29.7%
Lord Alfred Hayes
28.4%
John Bradshaw Layfield
23.3%
Larry Zbyszko
20.9%
Gene Okerlund
19.2%
Bruno Sammartino
15%
Jeremy Borash
10%
Pat Patterson
9.2%

You're not logged in!

Compare scores with friends on all Sporcle quizzes.
OR
Log In

Sporcle TV

Today on Sporcle TV


Watch our educational content, quiz creation guides, and fun videos on Sporcle TV.

Show Comments

Extras

Created Jan 19, 2015ReportNominate
Tags:announcer, Wrestled

Top Quizzes Today


Score Distribution

Your Account Isn't Verified!

In order to create a playlist on Sporcle, you need to verify the email address you used during registration. Go to your Sporcle Settings to finish the process.

Report this User

Report this user for behavior that violates our Community Guidelines.

Details: